Normal view
MARC view
- Addison-Wesley Publishing Company
Entry Corporate Name
001 - CONTROL NUMBER
- control field: 153684
003 - CONTROL NUMBER IDENTIFIER
- control field: DLC
005 - DATE AND TIME OF LATEST TRANSACTION
- control field: 20260415154745.0
008 - FIXED-LENGTH DATA ELEMENTS
- fixed length control field: 801106n| azannaabn |a ana
010 ## - LIBRARY OF CONGRESS CONTROL NUMBER
- LC control number: n 50062810
035 ## - SYSTEM CONTROL NUMBER
- System control number: (OCoLC)oca00097163
040 ## - CATALOGING SOURCE
- Original cataloging agency: DLC
- Language of cataloging: eng
- Description conventions: rda
- Transcribing agency: DLC
- Modifying agency: OCoLC
- Modifying agency: CCC
046 ## - SPECIAL CODED DATES
- Start period: 1942
- Source of date scheme: edtf
110 2# - HEADING--CORPORATE NAME
- Corporate name or jurisdiction name as entry element: Addison-Wesley Publishing Company
370 ## - ASSOCIATED PLACE
- Place of residence/headquarters: Boston (Mass.)
- Source of term: naf
372 ## - FIELD OF ACTIVITY
- Field of activity: Publishers and publishing
- Source of term: lcsh
510 2# - SEE ALSO FROM TRACING--CORPORATE NAME
- Control subfield: r
- Relationship information: Predecessor:
- Corporate name or jurisdiction name as entry element: Addison-Wesley Press
670 ## - SOURCE DATA FOUND
- Source citation: Training for results. [FS] 1969.
670 ## - SOURCE DATA FOUND
- Source citation: Wikipedia website, October 21, 2021:
- Information found: Addison-Wesley page (Addison-Wesley; publisher; founded: 1942; headquarters: Boston)
- Uniform Resource Identifier: https://en.wikipedia.org/wiki/Addison-Wesley



